Southville International School and Colleges
Your cart is empty.
  • Cart
  • Lists
    Public lists Eva Luna New books Lux_list list_1
    Your lists Log in to create your own lists
  • Log in to your account
  • Your cookies
  • Search history
Southville International School and Colleges
  • Advanced search
  • Recent comments
  • Most popular
  • Libraries

Log in to your account

Log in with GOOGLE


If you do not have an external account, but do have a local account, you can still log in:

  1. Home
  2. MARC view: Heating-and-air conditioning servicer /
Normal view MARC view ISBD view

Heating-and-air conditioning servicer / (Record no. 9405)

[ view plain ]
MARC details
000 -LEADER
fixed length control field 01624pam a2200361 a 4500
001 - CONTROL NUMBER
control field 3544445
003 - CONTROL NUMBER IDENTIFIER
control field OSt
005 - DATE AND TIME OF LATEST TRANSACTION
control field 20140310182112.0
008 - FIXED-LENGTH DATA ELEMENTS--GENERAL INFORMATION
fixed length control field 970924s1998 mnua j b 001 0 eng
010 ## - LIBRARY OF CONGRESS CONTROL NUMBER
LC control number 97035226
020 ## - INTERNATIONAL STANDARD BOOK NUMBER
International Standard Book Number 9781560657033
040 ## - CATALOGING SOURCE
Original cataloging agency DLC
Transcribing agency DLC
Modifying agency DLC
042 ## - AUTHENTICATION CODE
Authentication code lcac
050 00 - LIBRARY OF CONGRESS CALL NUMBER
Classification number TH 7015
Item number .C55 1998
082 00 - DEWEY DECIMAL CLASSIFICATION NUMBER
Classification number HS 697
Item number .C61 1998
100 1# - MAIN ENTRY--PERSONAL NAME
Personal name Clinton, Susan.
9 (RLIN) 12158
245 10 - TITLE STATEMENT
Title Heating-and-air conditioning servicer /
Statement of responsibility, etc Susan Clinton ; content consultant, Robert L. Shepherd.
260 ## - PUBLICATION, DISTRIBUTION, ETC. (IMPRINT)
Place of publication, distribution, etc Mankato, Minn. :
Name of publisher, distributor, etc Capstone Books,
Date of publication, distribution, etc c1998.
300 ## - PHYSICAL DESCRIPTION
Extent 48 p. :
Other physical details col. ill. ;
Dimensions 22 cm.
504 ## - BIBLIOGRAPHY, ETC. NOTE
Bibliography, etc Includes bibliographical references and index.
520 ## - SUMMARY, ETC.
Summary, etc Outlines the educational requirements, duties, salary, employment outlook, and possible future positions of heating-and-air conditioning servicers.
541 ## - IMMEDIATE SOURCE OF ACQUISITION NOTE
-- 1
562 ## - COPY AND VERSION IDENTIFICATION NOTE
Number of copies 1
650 #0 - SUBJECT ADDED ENTRY--TOPICAL TERM
Topical term or geographic name as entry element Heating
General subdivision Equipment and supplies
-- Maintenance and repair
-- Vocational guidance.
9 (RLIN) 13498
650 #0 - SUBJECT ADDED ENTRY--TOPICAL TERM
Topical term or geographic name as entry element Air conditioning
General subdivision Equipment and supplies
-- Maintenance and repair
-- Vocational guidance.
9 (RLIN) 13499
650 #1 - SUBJECT ADDED ENTRY--TOPICAL TERM
Topical term or geographic name as entry element Heating
General subdivision Equipment and supplies
-- Maintenance and repair
-- Vocational guidance.
9 (RLIN) 13500
650 #1 - SUBJECT ADDED ENTRY--TOPICAL TERM
Topical term or geographic name as entry element Air conditioning
General subdivision Equipment and supplies
-- Maintenance and repair
-- Vocational guidance.
9 (RLIN) 13501
650 #1 - SUBJECT ADDED ENTRY--TOPICAL TERM
Topical term or geographic name as entry element Vocational guidance.
9 (RLIN) 2038
830 #0 - SERIES ADDED ENTRY--UNIFORM TITLE
Uniform title Careers without college (Mankato, Minn.)
9 (RLIN) 10228
906 ## - LOCAL DATA ELEMENT F, LDF (RLIN)
a 7
b cbc
c orignew
d 1
e ocip
f 19
g y-gencatlg
942 ## - ADDED ENTRY ELEMENTS (KOHA)
Source of classification or shelving scheme Library of Congress Classification
Koha item type
Holdings
Withdrawn status Lost status Source of classification or shelving scheme Damaged status Home library Current library Shelving location Date acquired Total Checkouts Full call number Barcode Date last seen Copy number Price effective from Koha item type
    Library of Congress Classification   Luxembourg Library Luxembourg Library High School Section 08/24/2013   TH 7015 .C55 1998 17341 08/24/2013 1 08/24/2013 Books

Heating-and-air conditioning servicer /

APA

Clinton S., . (1998). Heating-and-air conditioning servicer. Mankato, Minn: Capstone Books.

Chicago

Clinton Susan, . 1998. Heating-and-air conditioning servicer. Mankato, Minn: Capstone Books.

Harvard

Clinton S., . (1998). Heating-and-air conditioning servicer. Mankato, Minn: Capstone Books.

MLA

Clinton Susan, . Heating-and-air conditioning servicer. Mankato, Minn: Capstone Books. 1998.

  • Place hold
  • Print
  • Cite
  • Add to your cart (remove)
  • Save record
    BIBTEX Dublin Core MARCXML MARC (non-Unicode/MARC-8) MARC (Unicode/UTF-8) MARC (Unicode/UTF-8, Standard) MODS (XML) RIS
  • More searches
    Search for this title in:
    Other Libraries (WorldCat) Other Databases (Google Scholar) Online Stores (Bookfinder.com) Open Library (openlibrary.org)

Exporting to Dublin Core...

SOUTHVILLE LIBRARY

Southville International School and Colleges Library

1281 Tropical Ave. Cor. Luxembourg St., BF Homes International, Las Pinas City

Tel. No. 8256374 / 252358 Loc. 117/146

Powered by Koha